Combined Countries Quiz - Statistics

General Stats
  • This quiz has been taken 12 times
  • The average score is 5 of 10
Answer Stats
Year Countries Answer % Correct
1945 Czechia, Slovakia Czechoslovakia
100%
1870 Poland, Belgium, Denmark... Prussia
88%
1820 Angola, India, Brazil... Portugal
75%
1812 Indonesia, Croatia, Belgium... France
50%
1938 Turkey Hatay
38%
850 North Macedonia, Albania, Romania... Bulgaria
25%
1444 Ukraine, Russia, Italy... Genoa
25%
1822 Venezuela, Panama, Ecuador... Gran Colombia
25%
1658 Germany, Belgium... Luxembourg
25%
750 France, Israel, Turkmenistan, Azerbaijan, Oman, Russia... Umayyad Caliphate
25%
No matching quizzes found
Score Distribution
Percent of People with Each Score
Percentile by Number Answered
Your Score History
You have not taken this quiz